000 02240cam a22004214i 4500
003 PE-LiUPU
005 20250731183430.0
008 150706s r 000 0 d
035 _a(Sirsi) a50279
040 _aPE-LiUPU
_bspa
_cPE-LiUPU
_erda
049 _aPRUA
082 0 4 _a720.986105
_bE78
_221
245 0 1 _aEdificios corporativos /
_cSociedad Bolivariana de Arquitectos.
264 1 _aBogotá :
_bSociedad Bolivariana de Arquitectos,
_c[1975]
300 _apag. varia :
_bilustraciones ;
_c34 cm.
336 _atext
_2rdacontent
337 _aunmediated
_2rdamedia
338 _avolume
_2rdacarrier
490 0 _aPaquetes temáticos ;
_v10
500 _aISSN: 0120-6702
500 _aLa Revista Escala publica monografías títuladas como : "Paquetes temáticos" cubre temas especificos, recopilados de los artículos publicados en la misma revista.
504 _aIncluye bibliografía.
505 0 _aGeneralidades -- Antecedentes históricos -- Los edificios de oficinas en la historia de la arquitectura -- La torre y su evolución histórica -- Los edificios institucionales en la historia -- Parámetros generales de diseño -- Condicionantes de diseño -- Programas arquitectónicos en construcciones gubernamentales -- Conceptos estructurales -- Soldadura -- Análisis tipológico -- Edificios altos en el mundo -- Aspectos técnicos -- Ventanas y alumbrado -- Aire acondicionado -- Tratamiento acústico -- Diseño interior -- Diseño de ambientes integrados -- Proyectos en Latinoamérica -- Colombia -- Peligro del formalismo.
526 _aP158
526 _aP146
526 _aP17
526 _aP12
526 _aP06
650 0 4 _aArquitectura colombiana
_vPublicaciones seriadas.
650 0 4 _aArquitectura
_xDiseños y planos
_vPublicaciones seriadas.
650 0 4 _aArte colombiano
_xSiglo XX
_vPublicaciones seriadas.
650 0 4 _aIngeniería
_zColombia
_vPublicaciones seriadas.
910 _agl
942 _2ddc
_cBOOK
949 _a720.986105 E78 10
_wDEWEY
_c1
_i63808
_lCCODEBUL1
_mBUL
_p63.00
_r0
_sY
_tLIBRO
_u2015-07-06
_xINGENIERIA
_o.STAFF. Colección General
999 _c52699
_d52699
980 _81
_gALBERTO SANCHEZ Responsable de Automatización